<?xml version="1.0" encoding="UTF-8"?>
<collection xmlns="http://www.loc.gov/MARC21/slim">
    <record>
        <controlfield tag="001">58252</controlfield>
        <controlfield tag="005">20161221124403.0</controlfield>
        <datafield tag="037" ind1=" " ind2=" ">
            <subfield code="a">TAZ-TFG-2016-2679</subfield>
        </datafield>
        <datafield tag="041" ind1=" " ind2=" ">
            <subfield code="a">spa</subfield>
        </datafield>
        <datafield tag="100" ind1="1" ind2=" ">
            <subfield code="a">Cebolla Berbell, Miguel Ángel</subfield>
        </datafield>
        <datafield tag="242" ind1="0" ind2="0">
            <subfield code="a">The sound and its influence  on the mind of consumer.</subfield>
        </datafield>
        <datafield tag="245" ind1="0" ind2="0">
            <subfield code="a">El sonido y su influencia en la mente del consumidor</subfield>
        </datafield>
        <datafield tag="260" ind1=" " ind2=" ">
            <subfield code="a">Zaragoza</subfield>
            <subfield code="b">Universidad de Zaragoza</subfield>
            <subfield code="c">2016</subfield>
        </datafield>
        <datafield tag="500" ind1=" " ind2=" ">
            <subfield code="a">Companies continually innovate to try influence of the consumer purchase decision. Neuromarketing is a technique with very potential and interest for companies because It gets to know the client´s response to different incentives and results with no margin for error. The Audio Marketing is a set of Neuromarketing techniques that influence over the hearing sense. This Final Project links the three main aspects for comprehensive analysis of Audio Marketing. First, It investigates the influence of music on the mind of single, analyzing the routes it used and activates areas in the brain, researching that melodic structures are the most remember and why. The following the Audio Marketing techniques more used for the companies are exposed according to the different objectives posed. Thus, an overview of the benefits that these techniques may offered are shown. Finally it shows a case study of market research of the memory´s power that Audio Branding has and his effectiveness with regard to slogan.</subfield>
        </datafield>
        <datafield tag="506" ind1=" " ind2=" ">
            <subfield code="a">by-nc-sa</subfield>
            <subfield code="b">Creative Commons</subfield>
            <subfield code="c">3.0</subfield>
            <subfield code="u">http://creativecommons.org/licenses/by-nc-sa/3.0/</subfield>
        </datafield>
        <datafield tag="520" ind1=" " ind2=" ">
            <subfield code="a">Las empresas innovan constantemente para intentar influir en la decisión de compra del consumidor. El Neuromarketing es una de las técnicas con más potencial y de mayor interés para las compañías dado que se consigue conocer la respuesta del cliente ante diferentes estímulos. El Marketing auditivo o “Audiomarketing” es un conjunto de técnicas de neuromarketing que influyen sobre el sentido del oído. El presente Trabajo Fin de Grado enlaza los tres aspectos fundamentales para un análisis completo del Marketing auditivo.- Primero se investiga sobre la influencia de la música en la mente analizando qué recorrido sigue y qué zonas activa en nuestro cerebro, investigando qué estructuras melódicas son las mas recordadas y el por qué. Seguidamente se analizan las técnicas de Audiomarketing más utilizadas por las empresas y los diferentes objetivos que plantean, proporcionando así una visión global de los beneficios que estas técnicas pueden ofrecer. Por último, se realiza una investigación de mercados sobre el poder de recuerdo que tiene el Audiobranding y su efectividad respecto al eslogan</subfield>
        </datafield>
        <datafield tag="521" ind1=" " ind2=" ">
            <subfield code="a">Graduado en Marketing e Investigación de Mercados</subfield>
        </datafield>
        <datafield tag="540" ind1=" " ind2=" ">
            <subfield code="a">Derechos regulados por licencia Creative Commons</subfield>
        </datafield>
        <datafield tag="700" ind1=" " ind2=" ">
            <subfield code="a">Pedraja Iglesias, Marta</subfield>
            <subfield code="e">dir.</subfield>
        </datafield>
        <datafield tag="710" ind1="2" ind2=" ">
            <subfield code="a">Universidad de Zaragoza</subfield>
            <subfield code="b">Dirección de Márketing e Investigación de Mercados</subfield>
            <subfield code="c">Comercialización e Investigación de Mercados</subfield>
        </datafield>
        <datafield tag="856" ind1="0" ind2=" ">
            <subfield code="f">547167@celes.unizar.es</subfield>
        </datafield>
        <datafield tag="856" ind1="4" ind2=" ">
            <subfield code="s">1131630</subfield>
            <subfield code="u">http://zaguan.unizar.es/record/58252/files/TAZ-TFG-2016-2679.pdf</subfield>
            <subfield code="y">Memoria (spa)</subfield>
        </datafield>
        <datafield tag="909" ind1="C" ind2="O">
            <subfield code="o">oai:zaguan.unizar.es:58252</subfield>
            <subfield code="p">driver</subfield>
            <subfield code="p">trabajos-fin-grado</subfield>
        </datafield>
        <datafield tag="950" ind1=" " ind2=" ">
            <subfield code="a"></subfield>
        </datafield>
        <datafield tag="951" ind1=" " ind2=" ">
            <subfield code="a">deposita:2016-12-21</subfield>
        </datafield>
        <datafield tag="980" ind1=" " ind2=" ">
            <subfield code="a">TAZ</subfield>
            <subfield code="b">TFG</subfield>
            <subfield code="c">ECON</subfield>
        </datafield>
    </record>

    
</collection>